Obchodník časopis pro podnikání a strategii v obchodě
Gespeichert in:
| Format: | Schriftenreihe |
|---|---|
| Sprache: | Tschechisch |
| Veröffentlicht: |
Praha
Economia
1997
|
| Schlagworte: | |
| Tags: |
Keine Tags, Fügen Sie das erste Tag hinzu!
|
MARC
| LEADER | 00000nas2a2200000 4500 | ||
|---|---|---|---|
| 001 | s121335 | ||
| 005 | 20230217123925.1 | ||
| 022 | |a 1210-6178 | ||
| 041 | 0 | |a cze | |
| 044 | |a CZ | ||
| 245 | 1 | 0 | |a Obchodník |b časopis pro podnikání a strategii v obchodě |
| 264 | 1 | |a Praha |b Economia |c 1997 | |
| 300 | |a 1 zv. | ||
| 500 | |a Chýba č. 1 | ||
| 773 | 0 | |w eu_un_cat*s120073 | |
| 610 | 2 | 0 | |a obchod |
| 610 | 2 | 0 | |a predaj |
| 610 | 2 | 0 | |a marketing |
| 610 | 2 | 0 | |a logistika |
| 610 | 2 | 0 | |a financie |